Most populated country in UN geoscheme - Statistics

General Stats
  • This quiz has been taken 43 times
  • The average score is 21 of 22
Answer Stats
Subcontinent Population Country % Correct
Australia and New Zealand 24 M Australia
100%
South America 209 M Brazil
100%
Eastern Asia 1,392 M China
100%
Caribbean 11 M Cuba
100%
Middle Africa 84 M Democratic Republic of the Congo
100%
Northern Africa 98 M Egypt
100%
Southern Asia 1,352 M India
100%
Southeastern Asia 267 M Indonesia
100%
Central America 126 M Mexico
100%
Western Africa 195 M Nigeria
100%
Southern Africa 57 M South Africa
100%
Northern Europe 66 M United Kingdom
100%
Northern America 327 M United States
100%
Eastern Africa 109 M Ethiopia
97%
Western Europe 82 M Germany
97%
Southern Europe 60 M Italy
97%
Eastern Europe 144 M Russia
97%
Western Asia 82 M Turkey
97%
Melanesia 8 M Papua New Guinea
92%
Polynesia 196 K Samoa
92%
Central Asia 32 M Uzbekistan
84%
Micronesia 115 K Kiribati
78%
No matching quizzes found
Score Distribution
Percent of People with Each Score
Percentile by Number Answered
Your Score History
You have not taken this quiz